000 00235 a2200097 4500
001 54799
100 _aDaubechies, Ingrid
245 _aTen Lectures on Wavelets
260 _aPennsylvania
_bSiam
_c1992
090 _c33990
_d33990
942 _aNUST-CAE
_cMONOGRAPH
_c26658
999 _c289872
_d289872